Statistics for Countries That Produce The Most Shoes

Click here to take the quiz!

General Stats

  • This quiz has been taken 130 times
  • The average score is 11 of 15

Answer Stats

% Of Total ProducedAnswer% Correct
33.0%China
99%
0.75%United States
98%
0.61%India
91%
4.35%Italy
91%
2.63%France
89%
1.68%United Kingdom
86%
1.31%Spain
83%
5.86%Germany
82%
5.34%Indonesia
75%
23.7%Vietnam
65%
1.18%Poland
64%
2.37%Netherlands
62%
6.05%Belgium
59%
2.10%Cambodia
32%
0.81%Czech Republic
29%

Score Distribution

Percentile by Number Answered

Percent of People with Each Score

Your Score History

You have not taken this quiz